000 01106nam a2200241Ia 4500
005 20250622124037.0
008 250617s9999||||xx |||||||||||||| ||ara||
017 _a13590
_bمصر. دار الكتب
020 _a9789778812312
082 0 4 _a"305,553"
_bس ط
100 0 _aسماح أنور معوض محمود
245 1 0 _aطوائف الحرف والمهن وتأثيرها فى الدويلات المستقلة بالمشرق الإسلامى ( 205 - 590هـ / 820 - 1193م ) /
_c"إعداد سماح أنور معوض محمود ؛ إشراف عبد الناصر إبراهيم عبد الحكم ، أحمد عز العرب أحمد سليمان"
250 _aط1
260 3 _aالقاهرة :
_b"دار العلا للنشر والتوزيع,"
_c2025.
300 _a357ص ؛
_b
_c24سم.
650 _aالحرب
650 _aالحرفيون
650 _aالمهن
700 0 _aأحمد عز العرب أحمد سليمان
_e مشرف مشارك
700 0 _aعبد الناصر إبراهيم عبد الحكم
_e مشرف
942 _cBK
999 _c67681
_d67681